The rothschilds : A family portait
Wedi'i Gadw mewn:
| Prif Awdur: | |
|---|---|
| Fformat: | Llyfr |
| Iaith: | Undetermined |
| Cyhoeddwyd: |
New York
Fawcett
1961
|
| Pynciau: | |
| Tagiau: |
Ychwanegu Tag
Dim Tagiau, Byddwch y cyntaf i dagio'r cofnod hwn!
|
| Thư viện lưu trữ: | Trung tâm Học liệu Trường Đại học Cần Thơ |
|---|
| LEADER | 00486nam a2200193Ia 4500 | ||
|---|---|---|---|
| 001 | CTU_86982 | ||
| 008 | 210402s9999 xx 000 0 und d | ||
| 082 | |a 332.092 | ||
| 082 | |b M889 | ||
| 100 | |a Morton, Frederic | ||
| 245 | 4 | |a The rothschilds : | |
| 245 | 2 | |b A family portait | |
| 245 | 0 | |c Frederic Morton | |
| 260 | |a New York | ||
| 260 | |b Fawcett | ||
| 260 | |c 1961 | ||
| 650 | |a Rothschild family | ||
| 904 | |i Truc | ||
| 980 | |a Trung tâm Học liệu Trường Đại học Cần Thơ | ||